| 000 | 01066nam a2200229 4500 | ||
|---|---|---|---|
| 008 | 070822s1975 mtu b 001 0 eng | ||
| 020 |
_a0884140555 :USD _4.20 |
||
| 090 |
_aBS1160 _bK74r |
||
| 100 | 1 | _aKnight, Douglas A. | |
| 245 | 1 | 0 |
_aRediscovering the traditions of Israel : _bthe development of the traditio-historical research of the Old Testament, with special consideration of Scandinavian contributions / _cby Douglas A. Knight. |
| 250 | _aRev. ed. | ||
| 260 |
_a[Missoula, Mont.] : _bSociety of Biblical Literature : distributed by Scholars Press, _c1975. |
||
| 300 |
_axv, 439 p. ; _c22 cm. |
||
| 490 | 1 | _aDissertation series ; no. 9 | |
| 500 | _aIncludes indexes. | ||
| 500 | _aOriginally presented as the author's thesis, Gèottingen, 1972. | ||
| 504 | _aBibliography: p. 401-428. | ||
| 630 | 0 | 4 |
_aBible. _pO.T. _xCriticism, interpretation, etc. _xHistory _yModern period, 1500- |
| 830 | 0 |
_aDissertation series (Society of Biblical Literature) ; _vno. 9. |
|
| 951 |
_p31055 _x00035458 _oBS1160/K74r _j070822165308468 _d2000-12-21 _cGC |
||
| 999 |
_c29983 _d29983 |
||